00570nam a2200205Ia 450000500170000000800410001702000150005808200130007310000170008624500390010325000080014226000390015030000130018965000180020265000140022065000120023494200060024695200970025299900150034920250526022317.0240331s9999 xx 000 0 und d a9559569546 bDESa303 aDe Silva,M.U 0aSri Lankawe kula wedawasam kramaya a2nd aMaharagamabTharanji printesc2000 a138 p ., afeudal system aSri lanka ahistory cL 001040708LaWERCLbWERCLcSSCd2024-03-31l0o 303.4 DESp6179r2024-03-31w2024-03-31yL c5249d5249